000 01234cad a22002055a 4500
001 L152408
008 110302s2011 xxk f 000 0 eng d
035 _a(Sirsi) u152408
041 0 _aeng
110 2 _aDepartment of Transport
_91172
245 0 0 _aHigh speed rail
_binvesting in Britain's future
_bconsultation
_h[electronic resource]
260 _aLondon
_bDoT
_c2011
520 _aConsultation on government proposals for a high speed rail network. A 'Y' shaped network is planned linking London, the West Midlands, Manchester and Leeds, with stations in South Yorkshire and the East Midlands, and links to existing lines to enable through-running services to other cities including Liverpool, Newcastle and Edinburgh. Journey times would be brought down with London to Birmingham achieved within 45 minutes and Manchester and Leeds within 80 minutes or less. The consultation runs until 29 July 2011.
590 _aKA NTK
651 4 _aEngland and Wales
_y1543-
651 4 _aScotland
_y1999-
690 _aPROPERTY-INFRASTRUCTURE
856 4 0 _uhttps://highspeedrail.dft.gov.uk/sites/highspeedrail.dft.gov.uk/files/hsr-consultation.pdf
_zView the consultation free of charge at http://highspeedrail.dft.gov.uk/
942 _n0
999 _c112044
_d112044